| 000 | 00609nam a22001937a 4500 | ||
|---|---|---|---|
| 999 |
_c17086 _d17086 |
||
| 008 | 180804b xxu||||| |||| 00| 0 eng d | ||
| 020 | _a1451186345 | ||
| 040 |
_aKABU _cKABU |
||
| 050 |
_aQR41.2 _b.B87 2015 c. 1 |
||
| 245 |
_aBurton's microbiology for the health sciences _cPaul G. Engelkirk ...[et al.]. |
||
| 250 | _a10th ed. | ||
| 260 |
_aPhiladelphia _bWolters Kluwer Health _c2015 |
||
| 300 | _axiii, 482 p. | ||
| 650 | _aMicrobiology | ||
| 650 | _aMedical microbiology | ||
| 650 | _aAllied medical personnel | ||
| 700 | _aEngelkirk, Paul G. ...[et al.]. | ||
| 942 |
_2lcc _cBK _e10th _hQR41.2 |
||